000 00490nam a22001577a 4500
005 20251108170926.0
008 250721s1996 xx 000 0 ara d
082 1 4 _a618.1/كل
245 1 0 _aكل شيء عن الصدر :
_bالرضاعة من الثدي /
264 1 _aالقاهرة :
_bالدار الدولية للنشر و التوزيع،
_c1996.
300 _a91ص
490 0 _aسلسلة الصحة
650 1 7 _aأمراض النساء
942 _2ddc
_cBK
999 _c52286
_d52286